| 000 | 00528nam a2200157 i 4500 | ||
|---|---|---|---|
| 001 | 57395 | ||
| 003 | ES-MaACL | ||
| 007 | t| | ||
| 008 | 031016s1942 ag ||||1| spa d | ||
| 100 | 1 |
_aDoren, Karl van. _945391 |
|
| 245 | 1 | 3 |
_aLa novela norteamericana 1789-1939 / _cKarl van Doren ; traducción de Pedro Ibarzábal. |
| 260 |
_aBuenos Aires : _bEditorial Sudamericana, _c[1942] ( _fSebastián de Amorrortu e Hijos) |
||
| 300 |
_a435 p. ; _c21 cm. |
||
| 700 | 1 |
_aIbarzábal, Pedro. _964984 |
|
| 852 |
_aES-MaACL _jE-1862 _bR.22707 |
||
| 999 |
_c57395 _d57395 |
||